Statistiques concernant Italien - Verbe irrégulier (Stare)

Cliquez ici pour prendre le quiz!

Statistiques générales

  • Ce quiz a été pris 4 fois
  • Le résultat moyen est 27 sur 49

Statistiques - réponses

Tempo - PersonaConiugazione% Correct
iosto
100%
lui/leista
75%
tustai
75%
lorostanno
75%
voistate
75%
lui/leistava
75%
noistavamo
75%
lorostavano
75%
voistavate
75%
tustavi
75%
iostavo
75%
noistiamo
75%
io (maschile)stando
50%
lui/leistarà
50%
tustarai
50%
lorostaranno
50%
lui/leistarebbe
50%
lorostarebbero
50%
iostarei
50%
noistaremmo
50%
noistaremo
50%
voistareste
50%
tustaresti
50%
voistarete
50%
iostarò
50%
tusta'/stai/sta
50%
voistate
50%
io (maschile)stato
50%
noistemmo
50%
lui/leistesse
50%
lorostessero
50%
iostessi
50%
tustessi
50%
noistessimo
50%
voisteste
50%
voisteste
50%
tustesti
50%
lui/leistia
50%
tustia
50%
iostia
50%
lui/leistia
50%
noistiamo
50%
noistiamo
50%
lorostiano
50%
lorostiano
50%
voistiate
50%
lui/leistette
25%
lorostettero
25%
iostetti
25%

Distribution des résultats

Percentile par nombre de réponses

% des personnes avec chaque résultat

Votre développement - résultats

Vous n’avez pas pris ce quiz